000 00611nam a2200205Ia 4500
005 20250326145605.0
008 250326s9999 xx 000 0 und d
037 _aTextbook
040 _aFMSL
_beng
_cFMSL
041 _aeng
_2eng
084 _aX:89A Q6
_qFMSL
100 _aBals L
_9751442
245 0 _aImplementing triple bottom line sustainability into global supply chains
_cBals L; Tate W
260 _aUnited Kingdom
_bUnited Kingdom, Greenleaf
_c2016
300 _a387p
365 _b4915.8000000000002
650 _aManagement
942 _cTB
_hX:89A Q6
999 _c1308107
_d1308107